| 000 | 00830nam a2200241 i 4500 | ||
|---|---|---|---|
| 001 | 76591 | ||
| 003 | ES-MaACL | ||
| 005 | 20230906172905.0 | ||
| 007 | t| | ||
| 008 | 041004s1967 sp ||||1| spa d | ||
| 245 | 0 | 0 |
_aGuía de Pastoral vocacional / _c[traducción de Jorge Sans Vila, María Teresa San Martín y María Jesús López de Pinedo]. |
| 260 |
_aSalamanca : _bSígueme, _c1967. |
||
| 300 |
_a182 p. ; _c19 cm. |
||
| 490 | 1 |
_aHinneni ; _v66 |
|
| 500 | _aPrecede al tit.: Centro Nacional de Vocaciones. París. | ||
| 700 | 1 |
_aSans Vila, Jorge. _9103212 |
|
| 700 | 1 |
_aSan Martín, M. T. _9102264 |
|
| 700 | 1 |
_aLópez de Pinedo, María Jesús. _973579 |
|
| 710 | 2 |
_aCentro Nacional de Vocaciones (París) _92769 |
|
| 830 | 0 |
_aHinneni ; _v66 _9180790 |
|
| 852 |
_aES-MaACL _jC-31671 _bR.62382 |
||
| 999 |
_c76591 _d76591 |
||